| 000 | 01148 a2200217 4500 | ||
|---|---|---|---|
| 003 | Nust | ||
| 005 | 20221210092058.0 | ||
| 010 | _a 97001820 | ||
| 020 | _a0471974102 (alk. paper) | ||
| 040 | _cNust | ||
| 082 | 0 | 0 | _a621.382,HUG |
| 100 | 1 |
_aHughes, Harold. _9104597 |
|
| 245 | 1 | 0 |
_aTelecommunications cables : _bdesign, manufacture, and installation / _cHarold Hughes. |
| 260 |
_aChichester : _aNew York : _bJohn Wiley & Sons, _cc1997. |
||
| 300 |
_aix, 358 p. : _bill. ; _ccm. |
||
| 505 | _aConductors (Page-1), Insulation (Page-25), Twisting and The Helix (Page-41), Cable Geometry (Page-51), Sheathing (Page-61), Primary Parameters of Lines (Page-77), Transmission Parameters (Page-101),Crosstalk (Page-135), Power Line Interference (Page-169), Stranded Conductors and Braids (Page-191), Installation (Page-205), Electrical Measurements (Page-247), Optical Fiber Transmission (Page-265). | ||
| 650 | 0 | _aTelecommunication Engineering. | |
| 856 | 4 | 1 |
_3Publisher description _uhttp://www.loc.gov/catdir/enhancements/fy0706/97001820-d.html |
| 856 | 4 | 1 |
_3Table of contents _uhttp://www.loc.gov/catdir/toc/wiley022/97001820.html |
| 942 |
_cREF _2ddc |
||
| 999 |
_c175821 _d175821 |
||